LIBRARY & INFORMATION CENTRE, KCAET, TAVANUR

ONLINE PUBLIC ACCESS CATALOGUE (OPAC)

Bio-energy for arid and semi arid zones / (Record no. 2664)

MARC details
000 -LEADER
fixed length control field 00365cam a2200145ua 4500
003 - CONTROL NUMBER IDENTIFIER
control field OSt
008 - FIXED-LENGTH DATA ELEMENTS--GENERAL INFORMATION
fixed length control field 241030b |||||||| |||| 00| 0 eng d
041 ## - LANGUAGE CODE
Language code of text/sound track or separate title eng
082 ## - DEWEY DECIMAL CLASSIFICATION NUMBER
Classification number 621.47
Item number MAT/BI
100 ## - MAIN ENTRY--AUTHOR NAME
Personal name Mathur, A.N.
245 00 - TITLE STATEMENT
Title Bio-energy for arid and semi arid zones /
260 ## - PUBLICATION, DISTRIBUTION, ETC. (IMPRINT)
Place of publication New Delhi :
Name of publisher Himanshu Publications ,
Year of publication 1985.
300 ## - PHYSICAL DESCRIPTION
Number of Pages 97 ; .
942 ## - ADDED ENTRY ELEMENTS (KOHA)
Koha item type Books
Holdings
Withdrawn status Lost status Damaged status Home library Current library Shelving location Date acquired Full call number Accession Number Koha item type Cost, normal purchase price
      KAUAET KAUAET Shelf- 7A 07/04/2012 621.47 MAT/BI 19786 Books  
      KAUAET KAUAET   07/04/2012 665.776 MAT/BI 19625 Books  
      KAUAET KAUAET Shelf- 7A 24/10/1989 621.47 MAT/BI 16544 Books  
      KAUAET KAUAET   07/04/2012 665.776 MAT/BI 18118 Books  
Withdrawn     KAUAET KAUAET   14/02/2025 621.47 MAT/BI 19626 Books 100.00
free website counter